[Event "Barcelona Sant Marti op-A 24th"]
[Site "Barcelona"]
[Date "2024.07.21"]
[Round "9"]
[White "Santos Izquierdo, Daniel"]
[Black "Stancanelli, Valerio"]
[Result "0-1"]
[WhiteElo "2076"]
[BlackElo "1943"]
[PlyCount "100"]
[EventDate "2024.07.13"]
[EventType "swiss"]
[EventRounds "9"]
[EventCountry "ESP"]
[SourceTitle "CBM 221 Extra"]
[Source "ChessBase"]
[SourceDate "2024.09.30"]
[SourceVersion "1"]
[SourceVersionDate "2024.09.30"]
[SourceQuality "1"]

1. d4 d5 2. Nf3 Nf6 3. c4 c6 4. g3 e6 5. Bg2 Nbd7 6. Qc2 Bd6 7. 0-0 dxc4 8. Qxc4 0-0 9. Nc3 e5 10. Rd1 exd4 11. Nxd4 Ne5 12. Qb3 h6 13. Qc2 Qe7 14. Nf5 Bxf5 15. Qxf5 Rad8 16. h3 Bc5 17. Bf4 Ng6 18. e3 Nxf4 19. gxf4 Bb6 20. Na4 Rxd1+ 21. Rxd1 Rd8 22. Rxd8+ Qxd8 23. Nxb6 axb6 24. Bf3 Qd7 25. Qe5 Qxh3 26. Bd1 Qd7 27. Qb8+ Kh7 28. Bc2+ g6 29. Kf1 Qh3+ 30. Ke1 Qh1+ 31. Kd2 Qd5+ 32. Kc1 c5 33. Qf8 Qc4 34. b3 Qe6 35. Bd3 Nd7 36. Qd8 Qd5 37. Bc4 Qf5 38. Qc7 Kg7 39. Qxb7 h5 40. Qc7 Nf8 41. Qxb6 Ne6 42. Qb7 h4 43. a4 h3 44. a5 Qg4 45. Bd5 Qg1+ 46. Kb2 Qxf2+ 47. Ka3 Qxe3 48. Bc4 h2 49. Ka4 Qe1 50. Bd5 Nc7 0-1